000 00376nam a2200157Ia 4500
003 OSt
008 191201s2010 xx 000 0 und d
082 _a658.15
_bMES
100 _aMEHTA,Shantanu
245 0 _aSustainable Shareholder Value with Lean Six Sigma
250 _a1st
260 _aNew Delhi
_bExcel Books
_c2010
300 _a519
650 _aMBA
942 _2ddc
_cBK
999 _c4787
_d4787